[Event "ENCI Limburg-open C"]
[Site "Maastricht"]
[Date "2009.05.29"]
[Round "1"]
[White "Sterck, Arno"]
[Black "Sharifi Shamili, Ashkan"]
[Result "0-1"]
[WhiteElo "1343"]
[BlackElo "1653"]
[PlyCount "32"]
[EventDate "2009.05.29"]
[EventType "swiss"]
[EventRounds "7"]
[EventCountry "NED"]
[Source "P.Boonen"]
[SourceDate "2010.01.01"]

1. e4 d6 2. d4 a6 3. Nf3 g6 4. Bf4 Bg7 5. Bc4 b5 6. Bb3 Bb7 7. Nc3 Nd7 8. O-O
c5 9. Bd5 Bxd5 10. Nxd5 Ngf6 11. Nc3 b4 12. e5 Nh5 13. exd6 Nxf4 14. dxe7 Qxe7
15. Re1 Ne6 16. Nd5 Qd6 0-1

[Event "ENCI Limburg-open C"]
[Site "Maastricht"]
[Date "2009.05.29"]
[Round "1"]
[White "Titgemeyer, Eva Maria"]
[Black "Schueller, Tobias"]
[Result "0-1"]
[WhiteElo "1055"]
[BlackElo "1597"]
[PlyCount "136"]
[EventDate "2009.05.29"]
[EventType "swiss"]
[EventRounds "7"]
[EventCountry "NED"]
[Source "P.Boonen"]
[SourceDate "2010.01.01"]

1. e4 e6 2. d4 d5 3. Nc3 Nf6 4. e5 Nfd7 5. Nf3 c5 6. Bf4 Qb6 7. Rb1 Nc6 8. Be3
cxd4 9. Nxd4 Ncxe5 10. Nf3 Nxf3+ 11. Qxf3 d4 12. Bb5 dxe3 13. Qxe3 Qxe3+ 14.
fxe3 a6 15. Bc4 Bb4 16. a3 Bxc3+ 17. bxc3 b5 18. Bd3 Ne5 19. Be4 Ra7 20. O-O
Nc4 21. Rfd1 Nxa3 22. Rb4 Nc4 23. Kf2 Ke7 24. Bd3 Ne5 25. Be2 Rd8 26. Rbd4 Rad7
27. Rxd7+ Rxd7 28. Re1 Rd2 29. Rc1 Bb7 30. Ke1 Rd6 31. g3 Nf3+ 32. Kf2 Ne5 33.
Ke1 Rc6 34. Kd2 Nc4+ 35. Bxc4 Rxc4 36. Kd3 Be4+ 37. Kd2 Kd6 38. Rd1 Kc5 39. Rc1
a5 40. Rb1 b4 41. Rb3 Rxc3 42. Rxc3+ bxc3+ 43. Kxc3 a4 44. Kb2 Kc4 45. h3 f5
46. Kb1 Kc3 47. Ka2 Bxc2 48. Ka1 Bb3 49. Kb1 a3 50. Ka1 Kd3 51. g4 fxg4 52.
hxg4 Kxe3 53. g5 e5 54. Kb1 Kd2 55. Ka1 e4 56. Kb1 e3 57. Ka1 e2 58. Kb1 e1=B
59. Ka1 h6 60. gxh6 gxh6 61. Kb1 h5 62. Ka1 h4 63. Kb1 h3 64. Ka1 h2 65. Kb1
h1=B 66. Ka1 Kd1 67. Kb1 Be4+ 68. Ka1 Bc3# 0-1

[Event "ENCI Limburg-open C"]
[Site "Maastricht"]
[Date "2009.05.29"]
[Round "1"]
[White "Van Steenwinckel, Hugo"]
[Black "Bokern, Paul"]
[Result "1-0"]
[WhiteElo "1658"]
[BlackElo "1358"]
[PlyCount "67"]
[EventDate "2009.05.29"]
[EventType "swiss"]
[EventRounds "7"]
[EventCountry "NED"]
[Source "P.Boonen"]
[SourceDate "2010.01.01"]

1. e4 e6 2. d4 d5 3. e5 c5 4. c3 Nc6 5. Nf3 Qb6 6. Bd3 Bd7 7. O-O Rc8 8. Bc2
Na5 9. b3 Bb5 10. Re1 Nc6 11. Be3 cxd4 12. cxd4 Nb4 13. Na3 Ba6 14. Bb1 Nc6 15.
Nc2 Nge7 16. Ng5 g6 17. Qf3 Nd8 18. Qf6 Rg8 19. Nxh7 Bg7 20. Qf3 Nf5 21. Ng5
Bh6 22. h4 Nxh4 23. Qh3 Nf5 24. g4 Nxe3 25. Qxe3 Bxg5 26. Qxg5 Bd3 27. Qd2 Be4
28. Ne3 Bxb1 29. Raxb1 Nc6 30. Rbd1 Kd7 31. g5 Rh8 32. Ng4 Rh4 33. Qf4 Rf8 34.
Nf6+ 1-0

[Event "ENCI Limburg-open C"]
[Site "Maastricht"]
[Date "2009.05.29"]
[Round "1"]
[White "Van den Bosch, Arno"]
[Black "Weerts, Rene"]
[Result "0-1"]
[WhiteElo "976"]
[BlackElo "1556"]
[PlyCount "66"]
[EventDate "2009.05.29"]
[EventType "swiss"]
[EventRounds "7"]
[EventCountry "NED"]
[Source "P.Boonen"]
[SourceDate "2010.01.01"]

1. e4 g6 2. Nf3 d6 3. Nc3 Bg7 4. d4 Nf6 5. Bg5 O-O 6. Bc4 Nxe4 7. Nxe4 d5 8.
Qd3 dxc4 9. Qxc4 Be6 10. Qb4 Nc6 11. Qxb7 Nxd4 12. Nxd4 Qxd4 13. O-O Bd5 14.
Rad1 Qxd1 15. Qxa8 Qxf1+ 16. Kxf1 Bxa8 17. Nc3 Rb8 18. Na4 Bc6 19. b3 Bxa4 20.
bxa4 h6 21. Bf4 e5 22. Be3 a6 23. c4 Rb4 24. c5 c6 25. Ke2 f5 26. f3 Rxa4 27.
g4 Rxa2+ 28. Kd3 Rxh2 29. gxf5 gxf5 30. f4 Rh3 31. Kd2 Rxe3 32. Kxe3 e4 33. Kd2
Bd4 0-1

[Event "ENCI Limburg-open C"]
[Site "Maastricht"]
[Date "2009.05.29"]
[Round "1"]
[White "Zalewski, Arkadiusz"]
[Black "Visse, Bernard"]
[Result "1-0"]
[WhiteElo "1414"]
[BlackElo "1668"]
[PlyCount "63"]
[EventDate "2009.05.29"]
[EventType "swiss"]
[EventRounds "7"]
[EventCountry "NED"]
[Source "P.Boonen"]
[SourceDate "2010.01.01"]

1. e4 c6 2. d4 d5 3. e5 c5 4. c3 Nc6 5. Nf3 Bg4 6. Be2 e6 7. O-O Nh6 8. Bxh6
gxh6 9. h3 Bxf3 10. Bxf3 Rg8 11. Qd3 cxd4 12. cxd4 Qb6 13. Rd1 Qxb2 14. Nc3 Qb6
15. Rab1 Qc7 16. Ne2 b6 17. Nf4 Kd8 18. Nh5 Rg6 19. Nf6 Nxe5 20. dxe5 Qxe5 21.
Ng4 Qd6 22. Ne3 Rc8 23. Rbc1 Rxc1 24. Rxc1 Qd7 25. Bg4 Bc5 26. Bh5 Rg5 27. Bf3
Rg6 28. Ng4 Qd6 29. Qd2 Qf8 30. Ne5 Rg7 31. Qxh6 Rxg2+ 32. Bxg2 1-0

[Event "ENCI Limburg-open C"]
[Site "Maastricht"]
[Date "2009.05.30"]
[Round "2"]
[White "Arns, Danny"]
[Black "Titgemeyer, Eva Maria"]
[Result "1/2-1/2"]
[WhiteElo "1438"]
[BlackElo "1055"]
[PlyCount "66"]
[EventDate "2009.05.29"]
[EventType "swiss"]
[EventRounds "7"]
[EventCountry "NED"]
[Source "P.Boonen"]
[SourceDate "2010.01.01"]

1. e4 e5 2. Nc3 Nc6 3. Bc4 Nf6 4. Nf3 Nxe4 5. Bxf7+ Kxf7 6. Nxe4 d5 7. Ng3 Bc5
8. d3 Rf8 9. Bg5 Qd6 10. Qe2 Kg8 11. O-O-O Bg4 12. c3 Qg6 13. h4 Qf7 14. b4 Bb6
15. Rhf1 Bxf3 16. gxf3 Qxf3 17. Qxf3 Rxf3 18. Rd2 a5 19. b5 Na7 20. c4 c6 21.
bxc6 bxc6 22. Rb2 Rb8 23. cxd5 cxd5 24. Be3 Bxe3+ 25. fxe3 Rxf1+ 26. Nxf1 Rxb2
27. Kxb2 Nc6 28. a3 Kf7 29. Ng3 h6 30. e4 d4 31. Kb3 Ke7 32. Nf5+ Kf6 33. Ka4
Ne7 1/2-1/2

[Event "ENCI Limburg-open C"]
[Site "Maastricht"]
[Date "2009.05.30"]
[Round "2"]
[White "Begri, Felix"]
[Black "Uiterwijk, Jos"]
[Result "0-1"]
[WhiteElo "1625"]
[BlackElo "1681"]
[PlyCount "80"]
[EventDate "2009.05.29"]
[EventType "swiss"]
[EventRounds "7"]
[EventCountry "NED"]
[Source "P.Boonen"]
[SourceDate "2010.01.01"]

1. d4 d5 2. c4 e6 3. Nf3 Nc6 4. g3 Nf6 5. Bg2 Bb4+ 6. Bd2 Bxd2+ 7. Nbxd2 O-O 8.
O-O b6 9. Qc2 Bb7 10. a3 Rb8 11. Rfd1 a5 12. Rac1 Rc8 13. cxd5 Nxd5 14. e4 Nde7
15. Nb3 Ng6 16. h4 h6 17. Bh3 Qf6 18. Bg2 Rfd8 19. a4 Nb4 20. Qe2 Ba6 21. Qe3
Na2 22. Rc2 c5 23. e5 Qf5 24. Rcd2 c4 25. Nc1 c3 26. bxc3 Rxc3 27. Qe1 Nb4 28.
Kh2 Rxf3 29. Bxf3 Qxf3 30. Qh1 Qxh1+ 31. Kxh1 Rc8 32. Kh2 Ne7 33. f4 Ned5 34.
Rf2 Ne3 35. Rfd2 Nxd1 36. Rxd1 Rc2+ 37. Kh3 h5 38. g4 Rc3+ 39. Kh2 hxg4 40. Rg1
Rh3+ 0-1

[Event "ENCI Limburg-open C"]
[Site "Maastricht"]
[Date "2009.05.30"]
[Round "2"]
[White "Beukema, Jasper"]
[Black "Heuts, Guido"]
[Result "1/2-1/2"]
[WhiteElo "858"]
[BlackElo "1510"]
[PlyCount "151"]
[EventDate "2009.05.29"]
[EventType "swiss"]
[EventRounds "7"]
[EventCountry "NED"]
[Source "P.Boonen"]
[SourceDate "2010.01.01"]

1. e4 c6 2. d4 d5 3. Nc3 dxe4 4. Nxe4 Bf5 5. Ng3 Bg6 6. h4 h6 7. Bc4 e6 8. h5
Bh7 9. Bf4 Nf6 10. Nf3 Nbd7 11. O-O Be7 12. c3 Nb6 13. Bb3 Bd6 14. Bxd6 Qxd6
15. Ne5 Nbd7 16. Nc4 Qc7 17. Qf3 b5 18. Na3 O-O 19. c4 b4 20. Nc2 a5 21. a4 c5
22. Rad1 Rfd8 23. Rfe1 cxd4 24. Nxd4 Nc5 25. Nb5 Qe7 26. Ba2 Nxa4 27. b3 Nc5
28. Nd4 Rdc8 29. Ndf5 Bxf5 30. Nxf5 Qb7 31. Qxb7 Nxb7 32. Ne7+ Kh8 33. Nxc8
Rxc8 34. Bb1 Nxh5 35. Rd7 Nc5 36. Rxf7 Nxb3 37. Rxe6 Nf6 38. Ba2 Nc5 39. Re5 b3
40. Bb1 a4 41. Kf1 a3 42. Ra7 a2 43. Bxa2 bxa2 44. Rxa2 Nd3 45. Re3 Nb4 46. Ra4
Rxc4 47. Rb3 Rc1+ 48. Ke2 Nbd5 49. Kd2 Rc7 50. Kd3 Nf4+ 51. Rxf4 Rd7+ 52. Rd4
Re7 53. Rb8+ Kh7 54. Rb2 Kg8 55. Re2 Ra7 56. Ke3 Re7+ 57. Kf3 Rf7 58. Rd8+ Kh7
59. g4 Nh5+ 60. Kg2 Nf4+ 61. Kf1 Nxe2 62. Kxe2 Re7+ 63. Kf1 Ra7 64. Rd5 g6 65.
Kg2 Ra4 66. f3 Rf4 67. Kg3 g5 68. Rf5 Rxf5 69. gxf5 Kg7 70. Kg4 Kf6 71. f4 gxf4
72. Kxf4 h5 73. Kg3 Kxf5 74. Kh4 Kg6 75. Kh3 Kg5 76. Kg3 1/2-1/2

[Event "ENCI Limburg-open C"]
[Site "Maastricht"]
[Date "2009.05.30"]
[Round "2"]
[White "Boer, Jan"]
[Black "De Vries, Robert"]
[Result "0-1"]
[WhiteElo "1663"]
[BlackElo "1543"]
[PlyCount "74"]
[EventDate "2009.05.29"]
[EventType "swiss"]
[EventRounds "7"]
[EventCountry "NED"]
[Source "P.Boonen"]
[SourceDate "2010.01.01"]

1. d4 d5 2. c4 c6 3. Nf3 Nf6 4. Nc3 Bf5 5. cxd5 Nxd5 6. Qb3 Nb6 7. e4 Be6 8.
Qc2 Bg4 9. Ne5 Bh5 10. Be3 N8d7 11. Nc4 Nxc4 12. Bxc4 e6 13. O-O Bg6 14. Rad1
Qc7 15. f4 O-O-O 16. f5 exf5 17. exf5 Bh5 18. Rd2 Bd6 19. h3 f6 20. g4 Be8 21.
Ne4 Nb6 22. Be6+ Bd7 23. Nxd6+ Qxd6 24. Bf4 Qe7 25. Bb3 Rhe8 26. d5 Qe4 27. Qc5
Qe7 28. Qa5 g5 29. fxg6 hxg6 30. Qxa7 Qc5+ 31. Kh1 Re5 32. Bxe5 fxe5 33. dxc6
Bxc6+ 34. Rg2 Bxg2+ 35. Kxg2 Rd2+ 36. Kg3 Qe3+ 37. Rf3 Qe1+ 0-1

[Event "ENCI Limburg-open C"]
[Site "Maastricht"]
[Date "2009.05.30"]
[Round "2"]
[White "Bok, Gidius"]
[Black "Lenders, Raoul"]
[Result "0-1"]
[WhiteElo "1482"]
[BlackElo "1652"]
[PlyCount "92"]
[EventDate "2009.05.29"]
[EventType "swiss"]
[EventRounds "7"]
[EventCountry "NED"]
[Source "P.Boonen"]
[SourceDate "2010.01.01"]

1. e4 e5 2. Nf3 Nc6 3. Bc4 Nf6 4. d3 Be7 5. Nc3 d6 6. O-O Bg4 7. h3 Bh5 8. Be3
O-O 9. Nd5 Na5 10. Nxf6+ Bxf6 11. Bb3 c6 12. c3 Qc7 13. Bc2 c5 14. a3 c4 15. d4
b5 16. d5 Nb7 17. Qe2 Nc5 18. Bxc5 Qxc5 19. Rfe1 a5 20. Bd1 Rfb8 21. Qe3 Qxe3
22. Rxe3 Bg6 23. Bc2 Bd8 24. Rb1 Bb6 25. Ree1 f6 26. b4 axb4 27. axb4 Ra3 28.
Rb2 Rba8 29. Nd2 Ra2 30. Reb1 R8a3 31. Kf1 Be8 32. Ke2 Kf8 33. Rxa2 Rxa2 34.
Rc1 Bh5+ 35. g4 Be8 36. Kf3 h5 37. Kg3 hxg4 38. hxg4 g6 39. Nf1 Bd7 40. f4
exf4+ 41. Kxf4 Bf2 42. Ng3 Kf7 43. Kf3 Bb6 44. Nf1 Kg7 45. Ng3 Kh6 46. Rh1+ Kg5
0-1

[Event "ENCI Limburg-open C"]
[Site "Maastricht"]
[Date "2009.05.30"]
[Round "2"]
[White "Chotoe, Henry"]
[Black "Van den Bosch, Arno"]
[Result "0-1"]
[WhiteElo "1416"]
[BlackElo "976"]
[PlyCount "57"]
[EventDate "2009.05.29"]
[EventType "swiss"]
[EventRounds "7"]
[EventCountry "NED"]
[Source "P.Boonen"]
[SourceDate "2010.01.01"]

1. e4 c5 2. Nc3 a6 3. d3 Nc6 4. Nf3 Nf6 5. Be3 d6 6. h3 e5 7. Be2 Be6 8. Qd2
Be7 9. O-O O-O 10. Ng5 h6 11. Nxe6 fxe6 12. f4 d5 13. Nd1 d4 14. Bf2 exf4 15.
Qxf4 Nh5 16. Qd2 Nf4 17. Bg3 Nxe2+ 18. Qxe2 Qd7 19. Nf2 b5 20. Ng4 Bd6 21. e5
Bc7 22. b3 a5 23. Rab1 b4 24. Qe4 Na7 25. Qg6 Kh8 26. Rf4 Rxf4 27. Bxf4 Rg8 28.
Rf1 Nc8 29. Bd2 {.....} 0-1

[Event "ENCI Limburg-open C"]
[Site "Maastricht"]
[Date "2009.05.30"]
[Round "2"]
[White "Daemen, Jules"]
[Black "Platje, Albert"]
[Result "0-1"]
[WhiteElo "1626"]
[BlackElo "1677"]
[PlyCount "74"]
[EventDate "2009.05.29"]
[EventType "swiss"]
[EventRounds "7"]
[EventCountry "NED"]
[Source "P.Boonen"]
[SourceDate "2010.01.01"]

1. d4 Nf6 2. c4 e5 3. d5 Bc5 4. Nc3 Ng4 5. e3 d6 6. Bd3 Qh4 7. g3 Qh6 8. Qe2
O-O 9. Bd2 f5 10. O-O-O e4 11. Bc2 Bd7 12. Na4 Na6 13. Nxc5 Nxc5 14. h4 Rab8
15. b4 Nd3+ 16. Bxd3 exd3 17. Qxd3 Nxf2 18. Qe2 Nxh1 19. Qg2 Nxg3 20. Qxg3 Qf6
21. Kb1 f4 22. Qe1 Bf5+ 23. e4 Rbe8 24. Bc3 Bxe4+ 25. Kb2 Qg6 26. Qd2 f3 27.
Bd4 f2 28. Bxf2 Qg2 29. Bxa7 Qxd2+ 30. Rxd2 b6 31. c5 Rf1 32. Ne2 bxc5 33. bxc5
Ra8 34. Nc3 Bf5 35. cxd6 Rxa7 36. dxc7 Rxc7 37. Kb3 Rf3 0-1

[Event "ENCI Limburg-open C"]
[Site "Maastricht"]
[Date "2009.05.30"]
[Round "2"]
[White "De Mon, Gino"]
[Black "Kerssemakers, Frans"]
[Result "0-1"]
[WhiteElo "1256"]
[BlackElo "1609"]
[PlyCount "62"]
[EventDate "2009.05.29"]
[EventType "swiss"]
[EventRounds "7"]
[EventCountry "NED"]
[Source "P.Boonen"]
[SourceDate "2010.01.01"]

1. e4 e5 2. Nf3 Nc6 3. d4 exd4 4. Nxd4 Be7 5. Nf5 Bf6 6. Bb5 Nge7 7. Nxe7 Bxe7
8. Bxc6 dxc6 9. Qxd8+ Bxd8 10. b3 Bf6 11. c3 Be6 12. O-O O-O-O 13. f4 Rd3 14.
e5 Be7 15. c4 Bf5 16. Ba3 c5 17. Rf3 Rhd8 18. Bb2 Rd1+ 19. Rf1 Rxf1+ 20. Kxf1
Rd1+ 21. Ke2 Rxb1 22. Rxb1 Bxb1 23. e6 f6 24. g4 Bxa2 25. g5 Bxb3 26. Kd3 Ba2
27. Kc2 Bxc4 28. f5 b5 29. h4 Be2 30. Kd2 Bg4 31. g6 Bxf5 0-1

[Event "ENCI Limburg-open C"]
[Site "Maastricht"]
[Date "2009.05.30"]
[Round "2"]
[White "De Vries, Paul"]
[Black "Fortenbacher, Florian"]
[Result "0-1"]
[WhiteElo "1497"]
[BlackElo "1250"]
[PlyCount "70"]
[EventDate "2009.05.29"]
[EventType "swiss"]
[EventRounds "7"]
[EventCountry "NED"]
[Source "P.Boonen"]
[SourceDate "2010.01.01"]

1. d4 d5 2. Nf3 Bf5 3. e3 e6 4. c4 c6 5. Nc3 Qb6 6. Be2 dxc4 7. Bxc4 Bb4 8. O-O
Bxc3 9. bxc3 Nf6 10. Nh4 Be4 11. Ba3 Bd5 12. Bxd5 Nxd5 13. Qc2 Qa5 14. Bb2 O-O
15. e4 Nf6 16. e5 Nh5 17. Bc1 g6 18. Nf3 Nd7 19. Qd2 Ng7 20. Qh6 Qxc3 21. Ng5
Rfd8 22. Qxh7+ Kf8 23. Qh8+ Ke7 24. Qxg7 Rf8 25. Ba3+ Qxa3 26. Rfb1 Qc3 27. Rd1
Rae8 28. Rab1 Qc2 29. Ra1 Kd8 30. Nxf7+ Kc7 31. Nd6 Qxf2+ 32. Kh1 Rd8 33. Rg1
Qxd4 34. Rac1 Qxe5 35. Nb5+ Qxb5 0-1

[Event "ENCI Limburg-open C"]
[Site "Maastricht"]
[Date "2009.05.30"]
[Round "2"]
[White "Elisen, Peter"]
[Black "Callebaut, Giovanni"]
[Result "1-0"]
[WhiteElo "1621"]
[BlackElo "1052"]
[PlyCount "59"]
[EventDate "2009.05.29"]
[EventType "swiss"]
[EventRounds "7"]
[EventCountry "NED"]
[Source "P.Boonen"]
[SourceDate "2010.01.01"]

1. c4 c5 2. g3 Nc6 3. Bg2 Nf6 4. Nc3 g6 5. e4 Bg7 6. Nf3 d6 7. O-O O-O 8. d3
Bg4 9. h3 Bh5 10. g4 Bxg4 11. hxg4 Nxg4 12. Nh2 Nxh2 13. Kxh2 f5 14. exf5 Rxf5
15. f4 Rh5+ 16. Kg1 Bd4+ 17. Rf2 Bxf2+ 18. Kxf2 e5 19. Qg4 exf4 20. Bxf4 Ne5
21. Bd5+ Kf8 22. Bxe5 dxe5 23. Ne4 Rf5+ 24. Ke2 Rf4 25. Qe6 Qh4 26. Qg8+ Ke7
27. Qg7+ Ke8 28. Nd6+ Kd8 29. Nxb7+ Ke8 30. Bc6# 1-0

[Event "ENCI Limburg-open C"]
[Site "Maastricht"]
[Date "2009.05.30"]
[Round "2"]
[White "Esser, Thomas"]
[Black "Gendarme, Pierre"]
[Result "1-0"]
[WhiteElo "1670"]
[BlackElo "1619"]
[PlyCount "41"]
[EventDate "2009.05.29"]
[EventType "swiss"]
[EventRounds "7"]
[EventCountry "NED"]
[Source "P.Boonen"]
[SourceDate "2010.01.01"]

1. e4 c5 2. Nf3 d6 3. d4 cxd4 4. Nxd4 Nf6 5. Nc3 g6 6. f3 Bg7 7. Be3 O-O 8. Qd2
Nc6 9. O-O-O Bd7 10. h4 h5 11. Be2 Qa5 12. Rdg1 Rfc8 13. Nb3 Qd8 14. g4 Ne5 15.
gxh5 Nxh5 16. Bh6 Nc4 17. Bxc4 Rxc4 18. Bxg7 Kxg7 19. Qg5 Rxc3 20. bxc3 Kh7 21.
Nd4 1-0

[Event "ENCI Limburg-open C"]
[Site "Maastricht"]
[Date "2009.05.30"]
[Round "2"]
[White "Gundogmus, Alaettin"]
[Black "Beukema, Chris"]
[Result "1-0"]
[WhiteElo "1541"]
[BlackElo "862"]
[PlyCount "133"]
[EventDate "2009.05.29"]
[EventType "swiss"]
[EventRounds "7"]
[EventCountry "NED"]
[Source "P.Boonen"]
[SourceDate "2010.01.01"]

1. d4 d5 2. c4 e6 3. Nc3 Nf6 4. Bg5 h6 5. Bh4 g5 6. Bg3 Nc6 7. a3 Bg7 8. e3 Ne4
9. Nxe4 dxe4 10. c5 b6 11. Qa4 Qd7 12. Bb5 Bb7 13. O-O-O O-O 14. Be5 Qd5 15.
Bc4 Qd7 16. Ne2 a6 17. cxb6 cxb6 18. Bxg7 Kxg7 19. Ba2 Rac8 20. Kb1 Ne5 21.
Qxd7 Nxd7 22. Nc3 Rfe8 23. d5 exd5 24. Bxd5 Nc5 25. Bxb7 Nxb7 26. Rd4 Nc5 27.
Rhd1 Kf6 28. Rd6+ Re6 29. Ka2 Rc6 30. Rxc6 Rxc6 31. b4 Ne6 32. Nxe4+ Kf5 33.
Nd6+ Kf6 34. Rd2 Ke7 35. Nf5+ Kf6 36. Nxh6 Kg6 37. Ng4 Kf5 38. f3 Rc3 39. Rd5+
Kg6 40. Rd2 a5 41. Ne5+ Kf5 42. Nxf7 Kf6 43. Nd6 Rc6 44. Kb3 axb4 45. axb4 Ke5
46. Nc4+ Kf6 47. Rd6 Rxd6 48. Nxd6 Ke7 49. Ne4 Kd7 50. b5 Ke7 51. Kc4 Kf7 52.
Kd5 Ke7 53. g3 Kf7 54. Nf2 Ke7 55. Ne4 Kf7 56. Nd6+ Ke7 57. Nc8+ Kd7 58. Nxb6+
Ke7 59. Nc8+ Kf7 60. b6 Nd8 61. Nd6+ Ke7 62. b7 Kd7 63. b8=Q Ne6 64. Qc8+ Ke7
65. Qxe6+ Kd8 66. Kc6 g4 67. Qe8# 1-0

[Event "ENCI Limburg-open C"]
[Site "Maastricht"]
[Date "2009.05.30"]
[Round "2"]
[White "Hebels, Alex"]
[Black "Chappin, Rene"]
[Result "0-1"]
[WhiteElo "1144"]
[BlackElo "1632"]
[PlyCount "58"]
[EventDate "2009.05.29"]
[EventType "swiss"]
[EventRounds "7"]
[EventCountry "NED"]
[Source "P.Boonen"]
[SourceDate "2010.01.01"]

1. c4 Nf6 2. g3 c6 3. Bg2 d5 4. Nf3 Bg4 5. Ne5 dxc4 6. Nxg4 Nxg4 7. Na3 g6 8.
Nxc4 Qd4 9. Ne3 Nxe3 10. fxe3 Qb6 11. O-O Nd7 12. Kh1 Bg7 13. Rb1 O-O 14. b3
Qa6 15. Bb2 Qxa2 16. Bxg7 Kxg7 17. Qc1 Qa5 18. Qb2+ Qe5 19. Qxe5+ Nxe5 20. b4
Nc4 21. Rfd1 a6 22. Rb3 Rad8 23. d4 e6 24. e4 f5 25. Rc3 Nb2 26. Rd2 Na4 27.
Rcd3 fxe4 28. Bxe4 Nb6 29. Re3 Nc4 0-1

[Event "ENCI Limburg-open C"]
[Site "Maastricht"]
[Date "2009.05.30"]
[Round "2"]
[White "Heijltjes, Thijs"]
[Black "Callebaut, Angie"]
[Result "1-0"]
[WhiteElo "1450"]
[BlackElo "698"]
[PlyCount "101"]
[EventDate "2009.05.29"]
[EventType "swiss"]
[EventRounds "7"]
[EventCountry "NED"]
[Source "P.Boonen"]
[SourceDate "2010.01.01"]

1. e4 e5 2. Nf3 Nc6 3. Bb5 Nf6 4. d3 Bc5 5. Bg5 O-O 6. Bxc6 dxc6 7. Nxe5 Qd4 8.
O-O Qxe5 9. Bd2 Bd4 10. c3 Bc5 11. d4 Bxd4 12. cxd4 Qxd4 13. Nc3 Bg4 14. Qc2
Rfe8 15. Be3 Qc4 16. b3 Qe6 17. f3 Bh5 18. Rad1 Rad8 19. Rxd8 Rxd8 20. Ne2 b6
21. Rd1 Rxd1+ 22. Qxd1 Qd6 23. Qxd6 cxd6 24. Nd4 c5 25. Nb5 a6 26. Nxd6 b5 27.
Bxc5 h6 28. Nf5 Nd7 29. Bd4 Bg6 30. Ne7+ Kh7 31. b4 Nf6 32. Bxf6 gxf6 33. Nd5
f5 34. e5 f4 35. Nc7 h5 36. Nxa6 h4 37. Nc7 Bd3 38. e6 fxe6 39. Nxe6 Bf5 40.
Nxf4 Kh6 41. Kf2 Kg5 42. Ke3 h3 43. Nxh3+ Bxh3 44. gxh3 Kh4 45. f4 Kh5 46. f5
Kg5 47. Ke4 Kf6 48. a3 Kf7 49. Ke5 Kf8 50. Ke6 Kg8 51. Ke7 1-0

[Event "ENCI Limburg-open C"]
[Site "Maastricht"]
[Date "2009.05.30"]
[Round "2"]
[White "Hilverda, Jan"]
[Black "Ingelaere, Tijl"]
[Result "0-1"]
[WhiteElo "989"]
[BlackElo "1448"]
[PlyCount "108"]
[EventDate "2009.05.29"]
[EventType "swiss"]
[EventRounds "7"]
[EventCountry "NED"]
[Source "P.Boonen"]
[SourceDate "2010.01.01"]

1. e4 e6 2. Nf3 d5 3. exd5 exd5 4. d4 Nf6 5. Bd3 Bd6 6. Nc3 O-O 7. O-O c6 8. h3
Nbd7 9. Re1 Re8 10. Bg5 h6 11. Bxf6 Nxf6 12. Qd2 Be6 13. a3 Nd7 14. b4 Nb6 15.
Re3 Bd7 16. Rae1 Rxe3 17. Qxe3 a5 18. b5 Bxa3 19. Rb1 Bb4 20. bxc6 bxc6 21. Na2
Bd6 22. Ne5 Rb8 23. Re1 Bxe5 24. Qxe5 Qe8 25. f4 f6 26. Qe3 Qxe3+ 27. Rxe3 Kf8
28. g4 Nc8 29. c3 Nd6 30. Re2 f5 31. Kg2 fxg4 32. hxg4 Bxg4 33. Rf2 Ne4 34.
Bxe4 dxe4 35. Kg3 Bf3 36. Nc1 Rb1 37. Ne2 Re1 38. Rxf3 exf3 39. Kxf3 a4 40. Kf2
Rb1 41. c4 a3 42. Nc3 Rb2+ 43. Ke3 a2 44. Na4 Rb3+ 45. Ke4 a1=Q 46. Nc5 Qe1+
47. Kf5 Rg3 48. Ne4 g6+ 49. Ke5 Rh3 50. d5 cxd5 51. cxd5 Rh5+ 52. Kd4 Qd1+ 53.
Ke3 Rh3+ 54. Kf2 Qf3+ 0-1

[Event "ENCI Limburg-open C"]
[Site "Maastricht"]
[Date "2009.05.30"]
[Round "2"]
[White "Houben, Niels"]
[Black "Mohr, Markus"]
[Result "0-1"]
[WhiteElo "1243"]
[BlackElo "1671"]
[PlyCount "82"]
[EventDate "2009.05.29"]
[EventType "swiss"]
[EventRounds "7"]
[EventCountry "NED"]
[Source "P.Boonen"]
[SourceDate "2010.01.01"]

1. d4 Nf6 2. c4 e6 3. e3 b6 4. Nc3 Bb7 5. Nf3 Be7 6. Be2 O-O 7. Qc2 c5 8. Bd2
cxd4 9. exd4 d5 10. O-O dxc4 11. Be3 Nc6 12. Bxc4 Rc8 13. Bb3 Nb4 14. Qd1 Ba6
15. Re1 Bb7 16. a3 Nbd5 17. Nxd5 Nxd5 18. Bxd5 Qxd5 19. Qd2 Qb3 20. Ne5 Rc2 21.
Qd3 Qd5 22. f3 Rxb2 23. Rec1 Rb3 24. Qc4 Rxe3 25. Qxd5 Bxd5 26. Nd7 Rd8 27. Rc7
Bd6 28. Rxa7 Bb8 29. Nxb8 Rxb8 30. Kf2 Rc3 31. a4 h6 32. a5 bxa5 33. R1xa5 Rb2+
34. Kg3 Rcc2 35. Rc5 Rxg2+ 36. Kf4 g5+ 37. Ke5 Kg7 38. Rcc7 Rge2+ 39. Kd6 Rb6+
40. Kc5 Rc6+ 41. Rxc6 Rc2+ 0-1

[Event "ENCI Limburg-open C"]
[Site "Maastricht"]
[Date "2009.05.30"]
[Round "2"]
[White "Ingelaere, Arthur"]
[Black "Freriks, Oscar"]
[Result "0-1"]
[WhiteElo "1188"]
[BlackElo "1549"]
[PlyCount "66"]
[EventDate "2009.05.29"]
[EventType "swiss"]
[EventRounds "7"]
[EventCountry "NED"]
[Source "P.Boonen"]
[SourceDate "2010.01.01"]

1. e4 g6 2. d4 d6 3. Nc3 Bg7 4. Nf3 Nf6 5. Be2 a6 6. O-O O-O 7. Bd2 b5 8. a3
Bb7 9. e5 dxe5 10. dxe5 Ng4 11. Bf4 Nd7 12. Qc1 Ngxe5 13. Nxe5 Nxe5 14. Bh6 c5
15. Qe3 Qc7 16. Rad1 Rfd8 17. Bxg7 Kxg7 18. Ne4 Qc6 19. f3 Nd7 20. Ng3 e6 21.
Ne4 Nf6 22. Nxc5 Nd5 23. Qd4+ f6 24. Nxb7 Qxb7 25. Qe4 Qb6+ 26. Qd4 Qc6 27. c3
e5 28. Qe4 Qb6+ 29. Kh1 Ne3 30. Rxd8 Rxd8 31. Re1 Rd2 32. Bf1 Nd1 33. Re2 Nf2+
0-1

[Event "ENCI Limburg-open C"]
[Site "Maastricht"]
[Date "2009.05.30"]
[Round "2"]
[White "Keetman, Dennis"]
[Black "Bex, Lennert"]
[Result "1/2-1/2"]
[WhiteElo "1675"]
[BlackElo "1249"]
[PlyCount "108"]
[EventDate "2009.05.29"]
[EventType "swiss"]
[EventRounds "7"]
[EventCountry "NED"]
[Source "P.Boonen"]
[SourceDate "2010.01.01"]

1. e4 e6 2. d4 d5 3. e5 c5 4. Nf3 Nc6 5. Be3 cxd4 6. Bxd4 Nge7 7. Nc3 Nf5 8.
Bb5 Bd7 9. a3 a6 10. Ba4 Be7 11. Qd3 O-O 12. O-O Bg5 13. Bc5 Be7 14. Be3 d4 15.
Bxd4 Ncxd4 16. Nxd4 Nxd4 17. Qxd4 Bxa4 18. Qxa4 b5 19. Qg4 Qd2 20. Qe4 Bc5 21.
Rad1 Qh6 22. Rd3 f5 23. exf6 Qxf6 24. Rf3 Qe7 25. Re1 Rae8 26. Re2 Rxf3 27.
Qxf3 Rf8 28. Qc6 Qa7 29. Qxe6+ Kh8 30. Nd1 h6 31. Ne3 Rd8 32. g3 Qb6 33. Qxb6
Bxb6 34. Kg2 g6 35. Ng4 h5 36. Ne5 Kg7 37. Nc6 Rc8 38. Nb4 a5 39. Re7+ Kf8 40.
Rb7 Bxf2 41. Kxf2 axb4 42. axb4 Rxc2+ 43. Kg1 Rxb2 44. Rxb5 Ke7 45. Rb7+ Kd6
46. Rb6+ Ke7 47. b5 g5 48. Rb8 Kd7 49. b6 Kc6 50. Rg8 Rb5 51. Rg6+ Kb7 52. h3
Rb3 53. Kf2 Rb2+ 54. Ke3 Rb3+ 1/2-1/2

[Event "ENCI Limburg-open C"]
[Site "Maastricht"]
[Date "2009.05.30"]
[Round "2"]
[White "Koehorst, Andre"]
[Black "Metonidze, Andre"]
[Result "1-0"]
[WhiteElo "1682"]
[BlackElo "1320"]
[PlyCount "47"]
[EventDate "2009.05.29"]
[EventType "swiss"]
[EventRounds "7"]
[EventCountry "NED"]
[Source "P.Boonen"]
[SourceDate "2010.01.01"]

1. d4 Nf6 2. c4 g6 3. Nc3 Bg7 4. Nf3 O-O 5. e4 d6 6. Bg5 Bg4 7. h3 Bxf3 8. gxf3
Re8 9. h4 e6 10. Qc1 Qc8 11. Qd2 Nfd7 12. O-O-O Nc6 13. h5 h6 14. Bxh6 Bxh6 15.
Qxh6 g5 16. Qxg5+ Kf8 17. h6 Qd8 18. Qg7+ Ke7 19. h7 Rh8 20. d5 exd5 21. Nxd5+
Ke6 22. f4 Nc5 23. Bh3+ f5 24. Bxf5# 1-0